Đang tải...
Eucalypts for planting
| Tác giả chính: | |
|---|---|
| Định dạng: | Printed Book |
| Ngôn ngữ: | Undetermined |
| Được phát hành: |
Dehra Dun
International book distributors
1981
|
| LEADER | 00678nam a2200229Ia 4500 | ||
|---|---|---|---|
| 008 | 141004s9999 xx 000 0 und d | ||
| 040 | |c a | ||
| 041 | |a English | ||
| 082 | |a 634.97 | ||
| 082 | |b FAO/EU | ||
| 100 | |a FAO | ||
| 245 | |a Eucalypts for planting | ||
| 245 | |c FAO | ||
| 260 | |a Dehra Dun | ||
| 260 | |b International book distributors | ||
| 260 | |c 1981 | ||
| 300 | |a 677 p. | ||
| 300 | |b 24. cm | ||
| 501 | |a COF | ||
| 942 | |c BK | ||
| 999 | |c 170651 |d 170651 | ||
| 952 | |0 0 |1 0 |4 0 |6 634_970000000000000_FAO_EU |7 0 |9 175906 |a KAUCOF |b KAUCOF |l 2 |m 1 |o 634.97 FAO/EU |p KAU_COF-514 |r 2018-06-29 |s 2016-11-07 |w 2014-10-04 |y BK | ||